000 00725nam a22002297a 4500
003 OSt
005 20181201104120.0
008 180220b xxu||||| |||| 00| 0 spa d
020 _a8485942574
040 _cPJ
100 _93379
_aMorales Moreno, Antonio Manuel
245 1 3 _aEl error en los contratos /
_cAntonio Manuel Morales Moreno; prólogo de Íñigo de la Maza Gazmuri.
260 _aBuenos Aires :
_bAstrea,
_c2017.
300 _c383 p.
_a24 cm.
504 _aBibliografía: p. 363-368.
650 0 _aDERECHO CIVIL
_9352
650 0 _aCONTRATOS CIVILES
_91589
651 0 _9455
_aESPAÑA
653 _aERROR
700 _93380
_aMaza Gazmuri, Íñigo de la
942 _2udc
_cLIB
_h347.441.144.4
_iMOR
999 _c2162
_d2162